| 000 | 00561nam a22001695i 4500 | ||
|---|---|---|---|
| 001 | 170557 | ||
| 003 | ES-MaACL | ||
| 005 | 20230906214409.0 | ||
| 008 | 090316s1992 fr |||| | fre d | ||
| 080 | _a929 Frehel | ||
| 100 | 1 |
_aPrimack, Jacques. _9139636 |
|
| 245 | 1 | 0 |
_aFrehel _b: sa vie, ses chansos / _cpar Jacques Primack. |
| 260 |
_aParis : _bFortin, _c1992. |
||
| 300 |
_a[8] p. : _bil. ; _c30 cm + _e8 partituras con música y letra. |
||
| 600 | 1 | 4 |
_aFrehel. _9139637 |
| 852 |
_aES-MaACL _j2278-F-2 _9R.141190 _z.- Biblioteca Jacinto Martínez Lacalle |
||
| 999 |
_c170557 _d170557 |
||